Central Library OPAC University of Rajshahi

Birsa Munda and his movement, 1874-1901 : (Record no. 26864)

MARC details
000 -LEADER
fixed length control field 01141cam a2200325 a 4500
001 - CONTROL NUMBER
control field 26864
003 - CONTROL NUMBER IDENTIFIER
rucl marc code BD-RjUL
005 - DATE AND TIME OF LATEST TRANSACTION
control field 20211209051058.0
008 - FIXED-LENGTH DATA ELEMENTS--GENERAL INFORMATION
fixed length control field 140323s1983 ii abfj b 000 0beng
020 ## - INTERNATIONAL STANDARD BOOK NUMBER
Canceled/invalid ISBN 5614240 :
035 ## - SYSTEM CONTROL NUMBER
System control number (BD-RjUL)26935
040 ## - CATALOGING SOURCE
Original cataloging agency DLC
Transcribing agency DLC
Modifying agency DLC
-- BD-RjUL
Language of cataloging eng
041 ## - LANGUAGE CODE
Language code of text/sound track or separate title eng
082 00 - DEWEY DECIMAL CLASSIFICATION NUMBER
Classification number 954.0049595
Edition number 19
Author mark and year SIB 1983
100 1# - MAIN ENTRY--PERSONAL NAME
Personal name Singh, K. S.,
Dates associated with a name 1935-2006.
9 (RLIN) 82552
245 10 - TITLE STATEMENT
Title Birsa Munda and his movement, 1874-1901 :
Remainder of title a study of a millenarian movement in Chotanagpur /
Statement of responsibility, etc. K.S. Singh.
260 ## - PUBLICATION, DISTRIBUTION, ETC. (IMPRINT)
Place of publication, distribution, etc. Calcutta :
Name of publisher, distributor, etc. Oxford,
Date of publication, distribution, etc. 1983.
300 ## - PHYSICAL DESCRIPTION
Pagination xviii, 289 p., [6] p. of plates :
Illustrations ill., geneal. table, map ;
Size 23 cm.
500 ## - GENERAL NOTE
General note Map on lining papers.
504 ## - BIBLIOGRAPHY, ETC. NOTE
Bibliography, etc Bibliography: p. [245]-257.
600 00 - SUBJECT ADDED ENTRY--PERSONAL NAME
Personal name Birsa Munda,
Dates associated with a name 1874-1901.
650 #0 - SUBJECT ADDED ENTRY--TOPICAL TERM
Topical term or geographic name as entry element Munda (Indic people)
General subdivision Politics and government.
9 (RLIN) 82554
Topical term or geographic name as entry element Munda (Indic people)
General subdivision Religion.
9 (RLIN) 82555
Topical term or geographic name as entry element Millennialism
Geographic subdivision India.
9 (RLIN) 82556
Topical term or geographic name as entry element Revolutionaries
Geographic subdivision India
General subdivision Biography.
9 (RLIN) 82557
Topical term or geographic name as entry element Munda (Indic people)
General subdivision Biography.
9 (RLIN) 82558
942 ## - ADDED ENTRY ELEMENTS (KOHA)
Source of classification or shelving scheme Dewey Decimal Classification
Koha item type Books
Holdings
Lost status Source of classification or shelving scheme Damaged status Not for loan Collection code Permanent Location Current Location Shelving location Date acquired Source of acquisition Cost, normal purchase price Total Checkouts Full call number Date last seen Copy number Koha item type
  Dewey Decimal Classification   Added to bundle Non-fiction Central Library, University of Rajshahi Central Library, University of Rajshahi Reading Room 10/06/1984 U.P. Ltd. 412.00   954.0049595 SIB 1983 23/03/2014 C-1 Books